Geometry Dash - Most Downloaded Levels by Letter - K - Statistics

General Stats
  • This quiz has been taken 22 times
    5 since last reset
  • The average score is 9 of 20
Answer Stats
Publisher Difficulty Answer Downloads % Correct
Glittershroom Harder Kappaclysm 31,300,000
100%
Thomartin Harder kalaxian 2,500,000
50%
Jeyzor Insane Demon Kappa Boss Fight 2,200,000
50%
npesta Extreme Demon Kenos 2,700,000
50%
BoldStep Extreme Demon Killbot 3,100,000
50%
Partition Auto Kinetic auto 4,900,000
50%
CyanBoi Easy Demon Kingdom 2,200,000
50%
Bpi Easy Demon Kingdom of Hearts 2,200,000
50%
Infra Harder Kniatic 1,700,000
50%
cherryteam Extreme Demon KOCMOC 6,000,000
50%
Woom Easy Demon Koenigstein 2,000,000
50%
MaFFaKa Hard Koshmar 3,500,000
50%
Gablor Extreme Demon kowareta 1,500,000
50%
EtherumTeam Easy Demon KPYT6IE L9GUSHKI 2,900,000
50%
LightPotatoDev Insane KRYPT OF KRANDON 1,800,000
50%
Nico99 Insane Demon Kuru Kuru Kururin 1,300,000
50%
pineapple Easy Keys 1,400,000
0%
Danke Easy Demon kr1tmas 1,700,000
0%
FrostDragonGD Medium Demon Krakens Curse 1,800,000
0%
Zeniux Easy Demon Kranio Naos 2,000,000
0%
No matching quizzes found
Score Distribution
Percent of People with Each Score
Percentile by Number Answered
Your Score History
You have not taken this quiz since the last reset